Hepatitis C : a complete guide for patients and families

Bibliographic Details
Main Author: Thuluvath, Paul J.
Format: Book
Published: Baltimore : The Johns Hopkins University Press , 2015
Subjects:

MARC

LEADER 00000cam a2200000 7i4500
001 0000200364
005 20161027.0
020 |a 9781421417578 
090 0 0 |a 616.3623   |b THU 
100 1 |a Thuluvath, Paul J. 
245 1 0 |a Hepatitis C :   |b a complete guide for patients and families   |c Paul J. Thuluvath 
260 |a Baltimore :   |b The Johns Hopkins University Press ,   |c 2015 
300 |a 288p. ;   |c 23cm. 
650 0 0 |a Hepatitis C   |x Popular works 
999 |a 00332843   |b BUKU   |c PINJAMAN   |e PERPUSTAKAAN KOMUNITI PETALING JAYA